Del Cristo de la historia al Jesús de los Evangelios / (Record no. 36820)

MARC details
000 -LEADER
campo de control de longitud fija 00534nam a2200169 i 4500
001 - NÚMERO DE CONTROL
campo de control 36820
003 - IDENTIFICADOR DE NÚMERO DE CONTROL
campo de control ES-MaACL
005 - FECHA Y HORA DE LA ÚLTIMA TRANSACCIÓN
campo de control 20230906155440.0
007 - CAMPO FIJO DE DESCRIPCIÓN FÍSICA--INFORMACIÓN GENERAL
campo de control de longitud fija t|
008 - DATOS DE LONGITUD FIJA--INFORMACIÓN GENERAL
campo de control de longitud fija 030219s1971 sp ||||1| spa d
100 1# - ENTRADA PRINCIPAL--NOMBRE DE PERSONA
Nombre de persona Bouttier, Michel.
9 (RLIN) 31070
245 10 - MENCIÓN DEL TÍTULO
Título Del Cristo de la historia al Jesús de los Evangelios /
Mención de responsabilidad, etc. Michel Bouttier ; traducción por Javier Ros San Martín.
260 ## - PUBLICACIÓN, DISTRIBUCIÓN, ETC.
Lugar de publicación, distribución, etc. Madrid :
Nombre del editor, distribuidor, etc. Studium,
Fecha de publicación, distribución, etc. [1971]
300 ## - DESCRIPCIÓN FÍSICA
Extensión 99 p. ;
Dimensiones 19 cm.
700 1# - ENTRADA AGREGADA--NOMBRE PERSONAL
Nombre de persona Ros San Martín, Javier.
9 (RLIN) 99594
852 ## - LOCALIZACIÓN
Ubicación ES-MaACL
Número de control de estantería C-48170
Sublocalización o colección R.77289
Holdings
Estatus retirado Estado de pérdida Estado de daño No para préstamo Biblioteca de origen Biblioteca actual Ubicación en estantería Fecha de adquisición Fuente de adquisición Total de préstamos Signatura topográfica completa Código de barras Visto por última vez Precio de reemplazo Tipo de ítem Koha
        Biblioteca del Ateneo de Madrid Biblioteca del Ateneo de Madrid Depósito 2 17/01/2008     C-48170 1038720 23/02/2023 23/02/2023 Libro impreso